Guess the ABBA songs by the first 10 alphabetical words - Statistics

General Stats
  • This quiz has been taken 24 times
  • The average score is 6 of 15
Answer Stats
First ten words Song % Correct
another, anybody/anyone, beat, bit, burning, chance, come, could, danc(ing), digging. Dancing Queen
77%
about, again, all, angry, away, bell, blue, brokenhearted, bye, cheated. Mamma Mia
73%
abide, about, ace, again, all, always, apologize, arms, bad, belonged. The Winner Takes It All
55%
affairs, all, baby, been, before, beg, 'cause, dear, devotion, done. Lay All Your Love On Me
45%
all, always, around, bad, ball, bet, bills, could, day, dreams. Money, Money, Money
45%
across, again, air, all, back, before, big, business, c'est, came. Voulez-Vous
45%
about, alive, all, alright, always, anyone, arms, arrive, beams, blind. Super Trouper
36%
always, back, book, chance, defeated, destiny, escape, ever, facing, fate. Waterloo
36%
about, baby, beast, before, better, boy, conceal, cry, dizzy, doggone. Honey, Honey
32%
affair, afraid, all, alone, around, ask, baby, best, better, birds. Take A Chance On Me
27%
all, ask, before, began, bit, bore, bringing, capture, 'cause, chance. Thank You For The Music
27%
action, all, attraction, away, bed, blow, call, ceiling, chances, changed. One Of Us
23%
alive, away, carry, closed, darling, days, died, else, even, far. SOS
23%
again, all, answer, away, bless, clearly, close, day, dream, eyes. My Love, My Life
18%
again, all, baby, better, darling, die, dream(ing), face, find, forever. Hasta Mañana
9%
No matching quizzes found
Score Distribution
Percent of People with Each Score
Percentile by Number Answered
Your Score History
You have not taken this quiz